| 000 | 00345 a2200145 4500 | ||
|---|---|---|---|
| 001 | 151462 | ||
| 040 | _cEscola São Tomás de Aquino | ||
| 100 | _aROCHA, Ruth | ||
| 240 | 1 | 0 |
_aHistórias das mil e uma noites _lpor |
| 245 | 1 | 0 | _aHistórias das mil e uma noites |
| 300 | _a44 | ||
| 362 | 0 | _a1992 | |
| 697 | _a*LITERATURA INFANTO | ||
| 942 | _cBK | ||
| 999 |
_c151462 _d151462 |
||